000 00585nam a2200205Ia 4500
005 20250923145238.0
008 008 250917s9999 xx 000 0 eng d
037 _aTextual
040 _aDSWL
_beng
_cDSWL
041 _aeng
_2eng
084 _aY:4:5, N66;1
_qDSWL
100 _aCohan, Albert K.
_9833312
245 0 _aDeviance and control
_cby Albert K. Cohan
260 _aNew Delhi
_b Prentice Hall of India Pvt. Ltd.
_c1970
300 _ax,337p.
365 _aINR
_b4.00
925 _g4.00
942 _cTEXL
_hY:4:5, N66;1
999 _c1448911
_d1448911